| 000 | 00772nam a22002415a 4500 | ||
|---|---|---|---|
| 008 | 161121t2016 xxua|||fr|||| 001 0 eng d | ||
| 020 | _a9781138796348 | ||
| 040 |
_aEG-ScBUE _beng _cEG-ScBUE |
||
| 082 | 0 | 4 |
_222 _a320.6 _bBEL |
| 100 | 1 | _aBellinger, William Kenneth | |
| 245 | 1 | 4 |
_aThe economic analysis of public policy / _cWilliam K. Bellinger |
| 250 | _a2nd ed. | ||
| 260 |
_aLondon : _bRoutledge, Taylor & Francis Group, _c2016. |
||
| 300 |
_ax, 502 p. : _bill. ; _c25 cm. |
||
| 500 | _aIndex : p. 493-502. | ||
| 590 | _aSuzan Ashmawy | ||
| 650 | 7 |
_2BUEsh _aPolicy sciences _xEconomic aspects. |
|
| 650 | 7 |
_2BUEsh _aPolitical planning _xEconomic aspects. |
|
| 650 | 7 |
_2BUEsh _aEconomic policy |
|
| 651 | _2BUEsh | ||
| 653 |
_bBUSECO _cNovember2016 |
||
| 942 | _2ddc | ||
| 999 |
_c23223 _d23195 |
||